| 000 | 00693nam a2200205 i 4500 | ||
|---|---|---|---|
| 001 | 143913 | ||
| 003 | ES-MaACL | ||
| 005 | 20250729050628.0 | ||
| 007 | t| | ||
| 008 | 070214s1967 sp r ||||1| spa d | ||
| 100 | 1 |
_aShames, Irving H. _9106000 |
|
| 245 | 1 | 3 |
_aLa mecánica de los fluídos / _cIrving H. Shames ; traducción y adaptación Jaime Moneva Moneva, Sebastián Pérez Crusells. |
| 260 |
_aMadrid : _bCastillo, _c1967 ( _fCastilla) |
||
| 300 |
_a592 p. ; _c24 cm. |
||
| 650 | 0 | 7 |
_aMecánica de fluidos _2embne _914877 |
| 700 | 1 |
_aMoneva Moneva, Jaime. _982178 |
|
| 700 | 1 |
_aPérez Crusells, Sebastián. _990747 |
|
| 852 |
_aES-MaACL _jC-33015 _bR.63637 |
||
| 999 |
_c143913 _d143913 |
||